Mixed Word: Mystery Theme II Quiz Stats

 Plays Quiz Updated Jul 26, 2021

Support Sporcle.
Go Orange.
Score 0/18 Timer 04:00
0 Plays Today
Hint Answer % Correct
GBABag
99.1%
TPOPot
96%
BKLCABlack
94.9%
RNEGEGreen
92.8%
ICHAChai
86.5%
SEOOL FELALoose Leaf
84.3%
ATHIThai
83.7%
Common theme:Tea
82.3%
REAL ERGYEarl Grey
77.8%
Hint Answer % Correct
IWETHWhite
77.8%
PINTPPEEMRPeppermint
77.4%
DIECIced
70%
MAMOILEHCChamomile
67.7%
HALERBHerbal
60%
REFUFSIDDiffuser
44.8%
LOGOONOolong
44.2%
ADEEGIJLNRDarjeeling
34.3%
BIOROOSRooibos
14.6%

From the Vault

Click the Penguin Countries

by cdhmiamifan13

Science 5m
How did birds who can't fly get so far from each other?
Remove Ads.
Support Sporcle.
Get the best of Sporcle when you Go Orange. This ad-free experience offers more features, more stats, and more fun while also helping to support Sporcle. Thank you for becoming a member.

Show Comments

Extras

Top Quizzes Today


Score Distribution

Your Account Isn't Verified!

In order to create a playlist on Sporcle, you need to verify the email address you used during registration. Go to your Sporcle Settings to finish the process.

Report this User

Report this user for behavior that violates our Community Guidelines.

Details: